000 02457cam a2200289 4500500
005 20260405003108.0
041 _afre
042 _adc
100 1 0 _aCheriet, Foued
_eauthor
700 1 0 _aHannin, Hervé
_eauthor
700 1 0 _aChaillard, Marine
_eauthor
245 0 0 _aDifficultés des transmissions viticoles en contexte de crise
260 _c2026.
500 _a21
520 _aEn viticulture, les enjeux de renouvellement générationnel en lien avec les processus de transmission des exploitations s’inscrivent dans un environnement en crise. La démarche méthodologique exploratoire se base sur un recueil de données quantitatives et qualitatives auprès de viticulteurs et d’acteurs institutionnels en Vallée du Rhône. Cette recherche vise à mieux appréhender les conditions, les motivations et les difficultés rencontrées par les cédants et les repreneurs dans le processus de transmission des exploitations viticoles. Les cédants ne sont pas suffisamment préparés et évoquent des difficultés à identifier un repreneur ou un projet de reprise qui correspond à leurs attentes. Les jeunes installés mettent en avant des difficultés pouvant amener certains d’entre eux à arrêter l’activité agricole.
520 _aIn viticulture, the challenges of generational renewal linked to the installation-transmission processes of farms are part of an uncertain economic environment The approach is exploratory and based on a collection of quantitative and qualitative data from winegrowers and institutional actors in the Rhône Valley. The authors seek to better understand the conditions, motivations, and difficulties encountered by sellers and buyers in the transmission process of wine-growing farms. The sellers do not appear sufficiently prepared, and mention difficulties to identify a buyer or a transfer project that meets their expectations. Young farmers highlight difficulties which could lead some of them to stop their installation project. (JEL: Q13, Q15, R12).
690 _acédants-repreneurs
690 _acrise viticole
690 _atransmission
690 _aVallée du Rhône
690 _afarm transmission
690 _asellers-buyers
690 _aVallée du Rhône
690 _awine crisis
786 0 _nÉconomie rurale | 395 | 1 | 2026-03-12 | p. 87-100 | 0013-0559
856 4 1 _uhttps://shs.cairn.info/revue-economie-rurale-2026-1-page-87?lang=fr&redirect-ssocas=7080
999 _c2064334
_d2064334